000 00681nam a22002177a 4500
003 UA-OsUOA
001 122901
007 ta
008 20170524b un ||||| |||| 00| 0 ukr d
100 _aКерімов П.
090 _a330(477)
_bК36
942 _cSA
040 _aUA-OsUOA
_bukr
_cUA-OsUOA
_dUA-OsUOA
245 _aДержавна політика розвитку автомобілебудування: зарубіжний досвід та українські реалії
300 _aС.13-19
955 _a0
041 _aukr
080 _a330(477)
773 0 _w122899
_tЕкономіст
_dК.
_d2017
_g4
650 7 _a330 Економіка взагалі
_2UDC
999 _c409574
_d409574